| 000 | 00549nam a2200181Ia 4500 | ||
|---|---|---|---|
| 008 | 100917s9999 xx 000 0 und d | ||
| 082 | _b39477 | ||
| 100 | _aपार्डीकर प्रभा | ||
| 245 | _aपॉपकार्न भा 1 | ||
| 260 |
_bअश्वनिी प्रकाशन _c1977 |
||
| 300 | _a134 | ||
| 365 | _b1.25 | ||
| 520 | _aबालविभाग | ||
| 630 | _aपॉपकार्न भा 1 | ||
| 650 | _aबालविभाग | ||
| 730 | _aपॉपकार्न भा 1 | ||
| 942 | _cBOOK | ||
| 999 |
_c644871 _d644868 |
||